[Event "AUTO-OPEN-1879"]
[Site "http://www.queenalice.com/game.php?id=731314"]
[Date "2010.2.13"]
[Round "1"]
[White "DiegoCClarke"]
[Black "paulove"]
[Result "0-1"]
[WhiteElo "1199"]
[BlackElo "1743"]

1. d4 d5 2. e3 e6 3. Nf3 Bd6 4. c4 c6 5. c5 Bc7 6. Bd3 Nf6 7. O-O O-O 8. Nc3
Nbd7 9. Re1 Re8 10. Ng5 e5 11. Bxh7+ Nxh7 12. Nxh7 Kxh7 13. Qh5+ Kg8 14. Bd2 Nf6
0-1

[Event "AUTO-OPEN-1879"]
[Site "http://www.queenalice.com/game.php?id=731341"]
[Date "2010.2.13"]
[Round "1"]
[White "Mata_Rei"]
[Black "DiegoCClarke"]
[Result "1-0"]
[WhiteElo "1333"]
[BlackElo "1223"]

1. d4 d5 2. c4 e6 3. Nf3 c6 4. Nc3 Nf6 5. Bf4 Bb4 6. a3 Bxc3+ 7. bxc3 Qa5 8. Qc2
O-O 9. Bd6 Rd8 10. c5 Ne4 11. Bf4 Nxc3 12. Bd2 Qa4 13. Qxc3 Nd7 14. e3 a5 15.
Bd3 b5 16. Bc2 Qc4 17. Qxc4 dxc4 18. O-O Re8 19. Be4 1-0

[Event "AUTO-OPEN-1879"]
[Site "http://www.queenalice.com/game.php?id=731342"]
[Date "2010.2.13"]
[Round "1"]
[White "DiegoCClarke"]
[Black "Mata_Rei"]
[Result "0-1"]
[WhiteElo "1210"]
[BlackElo "1359"]

1. d4 f5 2. c4 Nf6 3. g3 e6 4. Bg2 d5 5. cxd5 exd5 6. Nc3 c6 7. Nf3 Bd6 8. Bg5
O-O 9. O-O h6 10. Bxf6 Qxf6 11. Qd3 f4 12. gxf4 Qxf4 13. e3 Qg4 14. Qe2 Qg6 15.
e4 dxe4 16. Nxe4 Bh3 17. Qc4+ Kh8 18. Nh4 Qg4 0-1

[Event "AUTO-OPEN-1879"]
[Site "http://www.queenalice.com/game.php?id=731359"]
[Date "2010.2.13"]
[Round "1"]
[White "faresjo"]
[Black "DiegoCClarke"]
[Result "1-0"]
[WhiteElo "2034"]
[BlackElo "1373"]

1. e4 e5 2. Nf3 d6 3. d4 f6 4. h3 Nc6 5. Bc4 b6 6. Nc3 Bb7 7. d5 Nce7 8. O-O Qd7
9. Be3 O-O-O 10. Nb5 f5 11. exf5 Nxf5 12. Nxa7+ Kb8 13. Bb5 Qf7 14. Nc6+ Bxc6
15. Bxc6 Nge7 16. Qd3 Nxc6 17. dxc6 1-0

[Event "AUTO-OPEN-1879"]
[Site "http://www.queenalice.com/game.php?id=731360"]
[Date "2010.2.13"]
[Round "1"]
[White "DiegoCClarke"]
[Black "faresjo"]
[Result "0-1"]
[WhiteElo "1373"]
[BlackElo "2072"]

1. d4 Nf6 2. Nc3 e6 3. e4 c5 4. d5 d6 5. Nf3 Be7 6. Bc4 e5 7. Bg5 O-O 8. O-O
Nbd7 9. Nb5 a6 10. Bxf6 Nxf6 11. Nc3 b5 12. Be2 Bb7 13. a4 b4 14. Nb1 Nxe4 15.
Nbd2 Nxd2 16. Qxd2 f5 17. Bd3 e4 0-1

[Event "AUTO-OPEN-1881"]
[Site "http://www.queenalice.com/game.php?id=731955"]
[Date "2010.2.14"]
[Round "1"]
[White "OpendemO"]
[Black "DiegoCClarke"]
[Result "1-0"]
[WhiteElo "1950"]
[BlackElo "1262"]

1. e4 e5 2. Nf3 d6 3. Bc4 Nf6 4. Nc3 g6 5. Ng5 Bg7 6. Nxf7 Qd7 7. Nxh8 Bxh8 8.
O-O a6 9. d3 Nc6 10. f3 b5 11. Bb3 Bb7 12. Nd5 Nxd5 13. Bxd5 1-0

[Event "AUTO-OPEN-1881"]
[Site "http://www.queenalice.com/game.php?id=731956"]
[Date "2010.2.14"]
[Round "1"]
[White "DiegoCClarke"]
[Black "OpendemO"]
[Result "0-1"]
[WhiteElo "1328"]
[BlackElo "1935"]

1. e4 c5 2. c4 d6 3. d3 Nc6 4. g3 Nf6 5. Bg2 e6 6. Ne2 Be7 7. O-O O-O 8. Nbc3
Ne8 9. Bf4 g6 10. Bh6 Ng7 11. Nf4 Bg5 12. Bxg7 Kxg7 0-1

[Event "AUTO-OPEN-1881"]
[Site "http://www.queenalice.com/game.php?id=731983"]
[Date "2010.2.14"]
[Round "1"]
[White "DiegoCClarke"]
[Black "Kikof"]
[Result "0-1"]
[WhiteElo "1373"]
[BlackElo "1880"]

1. e4 e5 2. Nf3 d6 3. c3 h6 4. Bc4 Nf6 5. d4 Bg4 6. dxe5 Nxe4 7. Nbd2 Nxd2 8.
Bxd2 dxe5 9. Qe2 Bd6 10. O-O a6 11. a4 O-O 0-1

[Event "AUTO-OPEN-1881"]
[Site "http://www.queenalice.com/game.php?id=731985"]
[Date "2010.2.14"]
[Round "1"]
[White "DiegoCClarke"]
[Black "faresjo"]
[Result "0-1"]
[WhiteElo "1373"]
[BlackElo "2030"]

1. e4 c5 2. Nf3 d6 3. g3 Nc6 4. Bg2 Nf6 5. d3 g6 6. O-O Bg7 7. Bg5 O-O 8. Qd2 a6
9. Nc3 b5 10. Rfe1 Bb7 11. e5 Ng4 12. exd6 Qxd6 13. Re4 Nge5 14. Nxe5 Nxe5 15.
Rh4 Bxg2 16. Bh6 Nf3+ 17. Kxg2 Nxd2 0-1

[Event "AUTO-OPEN-1881"]
[Site "http://www.queenalice.com/game.php?id=731986"]
[Date "2010.2.14"]
[Round "1"]
[White "faresjo"]
[Black "DiegoCClarke"]
[Result "1-0"]
[WhiteElo "2032"]
[BlackElo "1373"]

1. e4 e5 2. Nf3 Nc6 3. Bb5 d6 4. h3 Bd7 5. c3 Nf6 6. Qc2 d5 7. exd5 Nxd5 8. O-O
Bc5 9. d3 O-O 10. b4 Bd6 11. Bb2 a6 12. Bc4 Be6 13. Nbd2 b5 14. Bb3 a5 15. a3 a4
16. Ba2 1-0

[Event "AUTO-INT-1616"]
[Site "http://www.queenalice.com/game.php?id=734021"]
[Date "2010.2.18"]
[Round "1"]
[White "DiegoCClarke"]
[Black "CristianLonghinoti"]
[Result "0-1"]
[WhiteElo "1296"]
[BlackElo "1382"]

1. e4 e5 2. Nf3 d6 3. d4 Qe7 4. dxe5 Qe6 5. Bf4 Nc6 6. exd6 Bxd6 7. Bxd6 cxd6 8.
Bb5 Bd7 9. Nc3 Nb8 10. Bxd7+ Nxd7 0-1

[Event "AUTO-OPEN-1886"]
[Site "http://www.queenalice.com/game.php?id=734303"]
[Date "2010.2.19"]
[Round "1"]
[White "DiegoCClarke"]
[Black "kinho1089"]
[Result "0-1"]
[WhiteElo "1262"]
[BlackElo "1246"]

1. d4 Nf6 2. Nc3 Nc6 3. Nf3 d6 4. Bf4 Ng4 5. g3 h5 6. d5 Na5 7. e4 Nc4 8. Bxc4
b6 9. b4 Nf6 10. O-O Ng4 0-1

[Event "AUTO-OPEN-1886"]
[Site "http://www.queenalice.com/game.php?id=734322"]
[Date "2010.2.19"]
[Round "1"]
[White "DiegoCClarke"]
[Black "rodriw02"]
[Result "0-1"]
[WhiteElo "1328"]
[BlackElo "1284"]

1. d4 d5 2. e3 Nc6 3. c4 Nf6 4. cxd5 Nxd5 5. Bc4 e6 6. Nf3 Ncb4 7. a3 Nc6 8. O-O
h5 9. e4 Nf6 10. Bg5 Bd6 0-1